000 00579nam a2200169 i 4500
001 161840
003 ES-MaACL
005 20250804062624.0
008 041025s1876 sp |||| | spa d
100 1 _aPérez Galdós, Benito,
_d1843-1920
_990871
245 1 0 _aDoña Perfecta /
_cBenito Pérez Galdós.
260 _aMadrid :
_b[s.n.],
_c1876 (
_fImp. de J. Noguera, a cargo de M. Martínez)
300 _a320 p. ;
_c17 cm.
500 _aDescripción tomada de Palau 220639.
852 _aES-MaACL
_jB-2844
_z- Enc. pasta
_q- Ejemp. falto de portada
999 _c161840
_d161840